000 00562nam a2200217 a 4500
001 0001-2226
003 ELIB.Books
008 190803 2010 eng
020 _a0883964805
092 _a306.874
_bSch
100 _aSchut, Susan Polis.
245 _aThe Language of Happiness
260 _aColorado
_bBlue Mountain Press
_c1999
300 _a48
_c17cm
650 _aHappiness-Quotations
856 _nKBTS Library
_uKBTS Elib
942 _2ddc
_cBK
990 _a1
998 _aEnglishbooks.elf
_ccat
_e2019-08-03
999 _c12226
_d12226